'I' Books by Cover Quiz Stats

 Plays Quiz Updated Jan 20, 2016

Score 0/12 Timer 05:00
2 Plays Today
Book % Correct
The Iliad
87.9%
It
80%
The Indian in the Cupboard
67.9%
In Cold Blood
64.8%
I Know Why the Caged Bird Sings
64%
If You Give a Mouse a Cookie
63.2%
Interview with the Vampire
58.3%
Invisible Man
50.8%
Into the Wild
43.1%
The Island of the Blue Dolphins
40.4%
The Incredible Journey
39.4%
Inkheart
25.5%

You're not logged in!

Compare scores with friends on all Sporcle quizzes.
OR
Log In

Sporcle TV

Today on Sporcle TV


Watch our educational content, quiz creation guides, and fun videos on Sporcle TV.

Show Comments

Extras

Top Quizzes Today


Score Distribution

Your Account Isn't Verified!

In order to create a playlist on Sporcle, you need to verify the email address you used during registration. Go to your Sporcle Settings to finish the process.

Report this User

Report this user for behavior that violates our Community Guidelines.

Details: